000 00632nac a22001811u 4500
008 110420t2001 -us|||||r|||| 001 0 eng d
010 _a92044169
020 _a1577661435
020 _a9781577661436
082 0 0 _a624.171
_bSEN
_222
100 _aSennett, Robert E.
_923202
245 1 0 _aMatrix Analysis of Structures /
_cRobert E. Sennett.
260 _aLong Grove,IL :
_bWaveland press , 2001
_c2001
300 _axii, 228 p. :
_bill. ;
_c25 cm.
504 _aIncludes bibliographical references (p. 216) and index.
650 0 _aStructural analysis (Engineering)
_xMatrix methods.
_923203
942 _cBB
_k624.171 SEN
_2ddc
999 _c1590
_d1590